000 00621nam a2200205 4500
001 118978
003 ES-MaACL
005 20260217063013.0
007 t|
008 070214s1968 sp r ||||1| spa d
100 0 _aPeyriguere, Albert
_991602
245 1 4 _aLos caminos de dios /
_cAlbert Peyguere ; prólogo de Michel Lafon ; versión de Salvador Cabré.
250 _a1ª. ed.
260 _aBarcelona :
_bNova Terra,
_c1968.
300 _a184 p. ;
_c20 cm.
700 1 _aLafon, Michel.
_969496
700 1 _aCabré, Salvador.
_933264
852 _aES-MaACL
_jC-50434
_bR.68143
999 _c118978
_d118978